Un personnage, une série TV - Statistiques

Statistiques générales
  • Ce quiz a été pris 904 fois
  • Le résultat moyen est 9 sur 20
Statistiques - réponses
Réponse % Correct
Prison Break
82%
Grey's Anatomy
72%
Desperate Housewives
70%
Game of Thrones
70%
La Petite Maison dans la Prairie
68%
Les Experts: Miami
61%
The 100
57%
The Walking Dead
56%
24h Chrono
47%
Esprits Criminels
47%
X-Files
45%
Dallas
44%
L'Agence tous Risques
43%
L'Incroyable Hulk
26%
Chapeau Melon et Bottes de Cuir
22%
Stargate SG-1
21%
Nip/Tuck
20%
Les Envahisseurs
19%
L'Homme qui tombe à pic
14%
Banshee
10%
Aucun quiz correspondant
Distribution des résultats
% des personnes avec chaque résultat
Percentile par nombre de réponses
Votre historique - résultats
Vous n’avez pas pris ce quiz